<?xml version="1.0" encoding="UTF-8"?>
<record
    xmlns:xsi="http://www.w3.org/2001/XMLSchema-instance"
    xsi:schemaLocation="http://www.loc.gov/MARC21/slim http://www.loc.gov/standards/marcxml/schema/MARC21slim.xsd"
    xmlns="http://www.loc.gov/MARC21/slim">

  <leader>00818nam a2200193   4500</leader>
  <controlfield tag="001">2668</controlfield>
  <datafield tag="090" ind1=" " ind2=" ">
    <subfield code="a">2668</subfield>
  </datafield>
  <datafield tag="100" ind1=" " ind2=" ">
    <subfield code="a">20190723b u||y0fre||u0ba y50</subfield>
  </datafield>
  <datafield tag="101" ind1=" " ind2=" ">
    <subfield code="a">eng</subfield>
  </datafield>
  <datafield tag="200" ind1=" " ind2=" ">
    <subfield code="a">Sister</subfield>
    <subfield code="b">P&#xE9;riodique</subfield>
    <subfield code="f">Los Angeles Womens Center</subfield>
  </datafield>
  <datafield tag="210" ind1=" " ind2=" ">
    <subfield code="a">Los Angeles, Calif.</subfield>
    <subfield code="b">The Women's Center, 218 South Venice Blvd. Venice California 90291 </subfield>
    <subfield code="c">The Women's Center </subfield>
    <subfield code="d">1972-</subfield>
  </datafield>
  <datafield tag="215" ind1=" " ind2=" ">
    <subfield code="c">ill.</subfield>
    <subfield code="d">38 x 29 cm</subfield>
  </datafield>
  <datafield tag="326" ind1=" " ind2=" ">
    <subfield code="a">Bi-mensuel</subfield>
  </datafield>
  <datafield tag="330" ind1=" " ind2=" ">
    <subfield code="a">Started by the Women's Center, a non-partisan organization whose purpose is to serve all the women of Los Angeles. The newspaper was designed to communicate activities and ideas of the women's movement in an open forum.</subfield>
  </datafield>
  <datafield tag="606" ind1=" " ind2=" ">
    <subfield code="a">F&#xE9;minisme</subfield>
    <subfield code="9">429</subfield>
  </datafield>
  <datafield tag="607" ind1=" " ind2=" ">
    <subfield code="9">1006</subfield>
    <subfield code="a">Etats-Unis d'Am&#xE9;rique</subfield>
  </datafield>
  <datafield tag="710" ind1=" " ind2=" ">
    <subfield code="9">6636</subfield>
    <subfield code="a">The Women's Center </subfield>
  </datafield>
  <datafield tag="801" ind1=" " ind2=" ">
    <subfield code="a">CH</subfield>
    <subfield code="b">CH-002049-8</subfield>
  </datafield>
  <datafield tag="955" ind1=" " ind2=" ">
    <subfield code="r">[1973?] vol.IV, n&#xB0;5 (+ Dble)</subfield>
  </datafield>
  <datafield tag="995" ind1=" " ind2=" ">
    <subfield code="1">0</subfield>
    <subfield code="2">0</subfield>
    <subfield code="3">0</subfield>
    <subfield code="5">2022-04-01</subfield>
    <subfield code="9">3167</subfield>
    <subfield code="b">ARCHIC</subfield>
    <subfield code="c">ARCHIC</subfield>
    <subfield code="e">P&#xE9;riodiques</subfield>
    <subfield code="f">4118</subfield>
    <subfield code="h">MLF</subfield>
    <subfield code="k">P201</subfield>
    <subfield code="o">1</subfield>
  </datafield>
</record>
